Noem de spelers van de selectie van Feyenoord 2025 2026 - Statistieken

Algemene statistieken
  • Deze quiz is 74 keer genomen
  • De gemiddelde score is 20 van 30
Antwoordstatistieken
Hint Antwoord % Correct
Valente
94%
K Bijlow
90%
Steijn
90%
A Ueda
90%
Watanabe
90%
V Nieuwkoop
84%
Timber
84%
Bos
81%
Read
81%
Sauer
81%
M Hwang
77%
Wellenreuther
77%
Lotomba
74%
Moussa
74%
Smal
74%
Sliti
68%
Targhalline
68%
Trauner
68%
Plug
61%
Moder
61%
Borges
55%
Larin
55%
Tengstedt
55%
Ahmedhodžić
52%
Slory
52%
Beelen
48%
Diarra
45%
Bossin
42%
Jeng
32%
't Zand
26%
Geen overeenkomende quizzen gevonden
Scoreverdeling
Procent van Mensen met Elke Score
Percentiel versus Aantal Correcte Antwoorden
Uw Scoregeschiedenis
U heeft deze quiz nog niet genomen